000 03961nam0a2200469 4500
001 RU\NLR\BIBL_A\022671637
005 20260624155447.0
010 _a978-5-4465-4390-8
_9500
021 _aRU
_bКН-П-25-061768
_9КН-П-25-5970
035 _a(NLR Aleph) 022671637
090 _a13552073
_c13552073
100 _a20251124d2025 u y0rusy50 ca
101 0 _arus
_achk
102 _aRU
105 _aa z 000yy
181 0 _ai
_baxxe
182 0 _an
200 1 _aПутешествие по лингвистике с чукотским языком
_eпо материалам экспедиций 2021–2023 гг., реализованных в рамках программы "Открываем Россию заново"
_fИ. А. Зибер, И. А. Стенин, А. М. Старченко [и др.]
_gответственные редакторы: И. А. Зибер, И. А. Стенин
_gНациональный исследовательский университет "Высшая школа экономики", Научно-учебная лаборатория социогуманитарных исследований Севера и Арктики
203 _aТекст
_bвизуальный
_cнепосредственный
210 _aМосква
_cБуки Веди
_d2025
215 _a197, [2] с.
_cил., табл., цв. ил.
_d21
225 1 _aБиблиотека Арктической лаборатории
225 1 _aОткрываем Россию заново
300 _aАвт. указаны на обороте тит. с.
300 _aНа обороте тит. с. в макете загл. серии: Библиотека Лаборатории социогуманитарных исследований Севера и Арктики
300 _aВ конце кн. авт.: Зибер И. А., доцент, Стенин И. А., ст. преподаватель, Старченко А. М., ст. преподаватель
300 _aТекст рус., чукот.
320 _aБиблиогр.: с. 195–197 и в подстроч. примеч.
606 1 _aЧукотский язык
_jПопулярные издания
_2nlr_sh1
_2nlr_sh2
_3RU\NLR\AUTH\66721024
686 1 _aШ175.311я9
701 1 _aЗибер
_bИ. А.
_gИнна Арнольдовна
701 1 _aСтенин
_bИ. А.
_gИван Андреевич
701 1 _aСтарченко
_bА. М.
_gАлексей Миронович
711 0 2 _a"Высшая школа экономики", национальный исследовательский университет
_cМосква
_bЭкспедиция по изучению чукотского языка
_f2021
_eс. Амгуэма, Чукотский автономный округ
_3RU\NLR\AUTH\880638474
711 0 2 _a"Высшая школа экономики", национальный исследовательский университет
_cМосква
_bЭкспедиция по изучению чукотского языка
_f2022
_eс. Амгуэма, Чукотский автономный округ
_3RU\NLR\AUTH\880638475
711 0 2 _a"Высшая школа экономики", национальный исследовательский университет
_cМосква
_bЭкспедиция по изучению чукотского языка
_f2023
_eс. Амгуэма, Чукотский автономный округ
_3RU\NLR\AUTH\880638476
712 0 2 _a"Высшая школа экономики", национальный исследовательский университет
_cМосква
_bНаучно-учебная лаборатория социогуманитарных исследований Севера и Арктики
_3RU\NLR\AUTH\880635730
_4570
942 _cBOOK
980 _aNB